Diccionario de computacion : Ingles-Español Español-Ingles (Record no. 9315)

MARC details
000 -LEADER
campo de control de longitud fija 00464nam a2200145Ia 4500
008 - DATOS DE LONGITUD FIJA--INFORMACIÓN GENERAL
campo de control de longitud fija 231129s2001||||xx |||||||||||||| ||spa||
020 ## - NÚMERO INTERNACIONAL ESTÁNDAR DEL LIBRO
Número Internacional Estándar del Libro 0-8144-7814-X
040 ## - FUENTE DE CATALOGACIÓN
Lengua de catalogación spa
082 ## - NÚMERO DE LA CLASIFICACIÓN DECIMAL DEWEY
Número de clasificación (EN PROCESO DE DESCARTE) R 004.3 F853d
100 ## - ENTRADA PRINCIPAL--NOMBRE DE PERSONA
Nombre de persona Freedman Alan
245 #0 - MENCIÓN DEL TÍTULO
Título Diccionario de computacion : Ingles-Español Español-Ingles
260 ## - PUBLICACIÓN, DISTRIBUCIÓN, ETC.
Fecha de publicación, distribución, etc. 2001
264 ## - PRODUCCIÓN, PUBLICACIÓN, DISTRIBUCIÓN, FABRICACIÓN Y COPYRIGHT
Producción, publicación, distribución, fabricación y copyright Colombia (Santafé de Bogotá) : McGraw-Hill
942 ## - ELEMENTOS DE ENTRADA SECUNDARIOS (KOHA)
Fuente del sistema de clasificación o colocación Clasificación Decimal Dewey
Tipo de ítem Koha
Holdings
Estatus retirado Estado de pérdida Fuente del sistema de clasificación o colocación Estado de daño No para préstamo Biblioteca de origen Biblioteca actual Fecha de adquisición Total de préstamos Signatura topográfica completa Código de barras Visto por última vez Copia número Precio de reemplazo Tipo de ítem Koha
    Clasificación Decimal Dewey     BIBLIOTECA PÚBLICA MUNICIPAL RAMON CORREA MEJIA BIBLIOTECA PÚBLICA MUNICIPAL RAMON CORREA MEJIA 16/07/2009   (EN PROCESO DE DESCARTE) R 004.3 F853d 51 29/11/2023 1 29/11/2023 Libros

Powered by Koha